| 000 | 00713nam a2200193 a 4500 | ||
|---|---|---|---|
| 001 | 000039617 | ||
| 005 | 20201002033639.0 | ||
| 008 | 130711s2005 ch 000 0 spa d | ||
| 020 | _a9562844773 | ||
| 040 |
_aDO-SdBNP _bspa _cBNPHU |
||
| 100 | 1 |
_aOyarzún, Luis _965789 |
|
| 245 | 1 | 0 |
_aTaken for a ride : _bescritura de paso / _cLuis Oyarzún ; compilación y prólogo Thomas Harris E., Daniela Schutte G., Pedro Pablo Zegers B. |
| 260 |
_aSantiago, Chile : _bRil Editores, _c2005. |
||
| 300 |
_a454 p. ; _c25 cm. |
||
| 500 | _aIncluye notas al pie de las páginas | ||
| 700 | 1 |
_aHarris E., Thomas, _ecomp. _946014 |
|
| 700 | 1 |
_aSchutte G., Daniela, _ecomp. _946015 |
|
| 700 | 1 |
_aZegers B., Pedro Pablo _ecomp. _946013 |
|
| 999 |
_c39107 _d39107 |
||